000 00658nam a2200181 a 4500
001 000040578
005 20201002034228.0
008 111004s1978 mx b r 000 0 spa d
020 _a968230167X
040 _aDO-SdBNP
_bspa
_cBNPHU
082 _axxxx
_bxxxx
100 1 _aPané, Ramón
_955212
245 1 0 _aRelación acerca de las antigüedades de los Indios :
_bel primer tratado escrito en América, nueva versión, con notas, mapas y apéndices. /
_cFray Ramón Pané ; notas, mapa y apéndice José Juan Arrom.
250 _a3ra. ed.
260 _aMéxico :
_bSiglo xxi,
_c1978.
300 _avii, 125 p. ;
_c19 cm.
700 1 _aArrom, José Juan
_938701
999 _c40068
_d40068